000 00281nam a2200109Ia 4500
008 190216s9999||||xx |||||||||||||| ||und||
100 _aRaymond H Wilder
245 0 _aIntroduction To Foundations Of Mathematics
260 _bJohn Wiley & Sons
650 _aMathematics
942 _cBK
999 _c30408
_d30408